Malé a stredné podnikanie sa podceňuje

Malé a stredné podnikanie z hľadiska Európskej únie. Výhody a úskalia trhu EÚ. Lokálne špecifiká krajín. Požiadavky a obmedzenia. Finančná podpora zo štrukturálnych fondov EÚ. Priority slovenskej vlády na obdobie rokov 2007-2013. Strategické kroky na dosiahnutie priorít. Podpora podľa okresov.

Salvato in:
Dettagli Bibliografici
Autore principale: Csáky, Pál
Natura: Capitolo di libro
Lingua:slovacco
Soggetti:
Tags: Aggiungi Tag
Nessun Tag, puoi essere il primo ad aggiungerne!!

MARC

LEADER 00000naa$a2200000$$$4500
001 0029536
005 20231004130259.4
041 0 |a slo 
044 |a SK 
245 1 0 |a Malé a stredné podnikanie sa podceňuje  |c Pál Csáky 
520 |a Malé a stredné podnikanie z hľadiska Európskej únie. Výhody a úskalia trhu EÚ. Lokálne špecifiká krajín. Požiadavky a obmedzenia. Finančná podpora zo štrukturálnych fondov EÚ. Priority slovenskej vlády na obdobie rokov 2007-2013. Strategické kroky na dosiahnutie priorít. Podpora podľa okresov. 
610 2 0 |a podnikanie 
610 2 0 |a podnik malý 
610 2 0 |a podnik stredný 
610 2 0 |a spolupráca hospodárska medzinárodná 
610 2 0 |a rast hospodársky 
610 2 0 |a financovanie 
610 2 0 |a fondy štruktúrne 
610 2 0 |a rozpočet štátny 
610 2 0 |a investície zo zahraničia 
610 2 0 |a inovácia 
610 2 0 |a infraštruktúra 
610 2 0 |a rozvoj regionálny 
610 2 0 |a Slovensko 
610 2 0 |a Európska únia 
100 1 |a Csáky, Pál